00685nas a2200217 4500001001000000003000900010005001700019007000300036008003400039040005400073041000900127072000800136100002100144100002000165100001900185245010000204650001000304650001400314650002200328773011700350BR7601836BR-BrBNA20231205082940.0ta230509b bl.|||p| |||| 00| 00por d aBR-BrBNAbporcBiblioteca Nacional de Agricultura a(Pt) aL721 aSantiago, M.A.M.1 aBenevenga, S.F.1 aCosta, U.C. da1 aEpidemiologia e controle da helmintose ovina no municipio de Itaqui, Rio Grande do Sul [Brasil] aOVINO aVERMINOSE aRIO GRANDE DO SUL0 tPesquisa Agropecuaria Brasileira. Serie Veterinaria (Brazil)xISSN 0304-4351g(1976), v. 11(9) p. 1-7wBR7601836